Structral design in metals (Record no. 11702)

000 -LEADER
fixed length control field 00502nam a22001937a 4500
001 - CONTROL NUMBER
control field 11702
003 - CONTROL NUMBER IDENTIFIER
control field BD-DhUET
008 - FIXED-LENGTH DATA ELEMENTS--GENERAL INFORMATION
fixed length control field 150218b xxu||||| |||| 00| 0 eng d
040 ## - CATALOGING SOURCE
Original cataloging agency DLC
Transcribing agency DLC
Modifying agency BD-DhUET
082 ## - DEWEY DECIMAL CLASSIFICATION NUMBER
Classification number 624.182
Item number WIL/1957
100 ## - MAIN ENTRY--PERSONAL NAME
Personal name Willims, Clifford D.
245 ## - TITLE STATEMENT
Title Structral design in metals
250 ## - EDITION STATEMENT
Edition statement 2nd ed.
260 ## - PUBLICATION, DISTRIBUTION, ETC. (IMPRINT)
Place of publication, distribution, etc. New York
Name of publisher, distributor, etc. Ronald Press
Date of publication, distribution, etc. 1957
300 ## - PHYSICAL DESCRIPTION
Extent viii, 655 p.
Other physical details ill.
Dimensions 17 cm.
650 #0 - SUBJECT ADDED ENTRY--TOPICAL TERM
Topical term or geographic name as entry element Metals Structural Engg
700 ## - ADDED ENTRY--PERSONAL NAME
Personal name Harris, Ernest C.
942 ## - ADDED ENTRY ELEMENTS (KOHA)
Koha item type General Book
Holdings
Date acquired Location (home branch) Koha date last seen Sublocation or collection (holding branch) Price effective from Not for loan Lost status Source of classification or shelving scheme Copy number Damaged status Shelving location Withdrawn status Koha normalized classification for sorting Koha item type Koha full call number Piece designation (barcode)
2015-02-18Central Library, BUET2015-02-18Central Library, BUET2015-02-18   1 Circulation section 624_182000000000000_WIL_1957General Book624.182/WIL/195761224
2015-02-18Central Library, BUET2015-02-18Central Library, BUET2015-02-18   2 Circulation section 624_182000000000000_WIL_1957General Book624.182/WIL/195742428
2015-02-18Central Library, BUET2015-02-18Central Library, BUET2015-02-18   3 Circulation section 624_182000000000000_WIL_1957General Book624.182/WIL/195711560
2015-02-18Central Library, BUET2015-02-18Central Library, BUET2015-02-18   4 Circulation section 624_182000000000000_WIL_1957General Book624.182/WIL/195761147
2015-05-10Central Library, BUET2015-05-10Central Library, BUET2015-05-10   5 Circulation section 624_182000000000000_WIL_1957General Book624.182/WIL/195742357
2015-05-12Central Library, BUET2015-05-12Central Library, BUET2015-05-12   6 Circulation section 624_182000000000000_WIL_1957General Book624.182/WIL/195711559